[Event "EICC 2021"]
[Site "Reykjavik"]
[Date "2021.08.31"]
[Round "6.38"]
[White "Stefansson, Hannes"]
[Black "Kanyamarala, Tarun"]
[Result "1-0"]
[WhiteElo "2519"]
[BlackElo "2369"]
[Annotator "ChessBase"]
[PlyCount "101"]
[EventDate "2021.08.26"]
[EventType "swiss"]
[EventCountry "ISL"]
[Tiebreak "Cut1 Buchholz"]
[SourceTitle "playchess.com"]
[Source "ChessBase"]
[SourceQuality "1"]
[TimeControl "40/5400+30:1800+30"]

1. e4 {[%emt 0:00:07]} c5 {[%emt 0:00:10]} 2. Nf3 {[%emt 0:00:19]} Nc6 {
[%emt 0:00:07]} 3. Bb5 {[%emt 0:00:20]} e6 {[%emt 0:00:09]} 4. Bxc6 {[%emt 0:
00:24]} bxc6 {[%emt 0:00:09]} 5. b3 {[%emt 0:00:32]} Ne7 {[%emt 0:01:02]} 6.
Bb2 {[%emt 0:00:54]} Ng6 {[%emt 0:01:21]} 7. h4 {[%emt 0:01:30]} h5 {[%emt 0:
01:49]} 8. e5 {[%emt 0:00:54]} f6 {[%emt 0:05:30]} 9. d3 {[%emt 0:00:16]} d5 {
[%emt 0:00:25]} 10. exd6 {[%emt 0:08:55]} Bxd6 {[%emt 0:00:17]} 11. Nfd2 {
[%emt 0:01:03]} e5 {[%emt 0:10:13]} 12. Qf3 {[%emt 0:01:09]} Rb8 {[%emt 0:09:
44]} 13. Nc3 {[%emt 0:08:24]} Nf4 {[%emt 0:11:30]} 14. Nc4 {[%emt 0:04:27]} Be7
{[%emt 0:03:46]} 15. Ne3 {[%emt 0:01:19]} Kf7 {[%emt 0:06:35]} 16. O-O-O {
[%emt 0:02:08]} Ne6 {[%emt 0:08:07]} 17. Qxc6 {[%emt 0:02:29]} Bb7 {[%emt 0:01:
18]} 18. Qa4 {[%emt 0:00:43]} Qc8 {[%emt 0:07:17]} 19. Ncd5 {[%emt 0:06:12]}
Bd8 {[%emt 0:07:51]} 20. f4 {[%emt 0:03:29]} Bc6 {[%emt 0:03:28]} 21. Qc4 {
[%emt 0:01:16]} exf4 {[%emt 0:04:08]} 22. Nxf4 {[%emt 0:00:21]} Rb4 {[%emt 0:
01:16]} 23. Qxe6+ {[%emt 0:00:26]} Qxe6 {[%emt 0:00:08]} 24. Nxe6 {[%emt 0:00:
05]} Kxe6 {[%emt 0:00:05]} 25. Ba3 {[%emt 0:03:21]} Rb5 {[%emt 0:00:29]} 26.
Rhe1 {[%emt 0:07:41]} Kd7 {[%emt 0:00:47]} 27. Re2 {[%emt 0:06:30]} Re8 {
[%emt 0:01:10]} 28. Kd2 {[%emt 0:02:52]} Ba5+ {[%emt 0:01:28]} 29. c3 {[%emt 0:
00:08]} Bc7 {[%emt 0:00:12]} 30. Rf1 {[%emt 0:00:43]} Be5 {[%emt 0:04:03]} 31.
Rff2 {[%emt 0:03:30]} Bg3 {[%emt 0:04:39]} 32. Rf5 {[%emt 0:00:09]} Bxh4 {
[%emt 0:00:24]} 33. Rxc5 {[%emt 0:00:09]} Rxc5 {[%emt 0:01:02]} 34. Bxc5 {
[%emt 0:00:07]} Bg5 {[%emt 0:00:27]} 35. c4 {[%emt 0:02:48]} f5 {[%emt 0:01:20]
} 36. Ke1 {[%emt 0:01:30]} g6 {[%emt 0:03:04]} 37. Bxa7 {[%emt 0:02:25]} h4 {
[%emt 0:02:29]} 38. Nd5 {[%emt 0:01:12]} Rh8 {[%emt 0:00:29]} 39. Bd4 {[%emt 0:
00:40]} Rf8 {[%emt 0:00:52]} 40. Re5 {[%emt 0:03:15]} h3 {[%emt 0:00:31]} 41.
gxh3 {[%emt 0:30:46]} Rf7 {[%emt 0:07:36]} 42. b4 {[%emt 0:00:00]} Rh7 {
[%emt 0:00:48]} 43. b5 {[%emt 0:00:00]} Bxd5 {[%emt 0:00:32]} 44. Rxd5+ {
[%emt 0:00:00]} Kc8 {[%emt 0:00:13]} 45. c5 {[%emt 0:00:00]} Rxh3 {[%emt 0:00:
30]} 46. c6 {[%emt 0:00:00]} Rh1+ {[%emt 0:01:38]} 47. Ke2 {[%emt 0:00:00]}
Rh2+ {[%emt 0:01:53]} 48. Kf1 {[%emt 0:00:00]} Rc2 {[%emt 0:00:24]} 49. Rd6 {
[%emt 0:00:00]} Rc1+ {[%emt 0:00:23]} 50. Ke2 {[%emt 0:00:00]} Rc2+ {[%emt 0:
00:29]} 51. Kf3 {[%emt 0:00:00]} 1-0

[Event "EICC 2021"]
[Site "Reykjavik"]
[Date "2021.08.31"]
[Round "6.39"]
[White "Stefansson, Vignir Vatnar"]
[Black "Steingrimsson, Hedinn"]
[Result "1/2-1/2"]
[WhiteElo "2371"]
[BlackElo "2519"]
[Annotator "TA"]
[PlyCount "197"]
[EventDate "2021.08.26"]
[EventType "swiss"]
[EventCountry "ISL"]
[Tiebreak "Cut1 Buchholz"]
[SourceTitle "playchess.com"]
[Source "ChessBase"]
[SourceQuality "1"]

{[%evp 9,197,1,-1,-4,-4,-4,-7,-14,0,0,0,0,0,0,5,0,0,0,5,0,14,0,0,0,10,5,10,0,0,
-6,0,0,25,-8,-4,-5,-9,-10,-16,-6,-22,-17,0,-37,-32,-63,-29,-25,-14,-17,-13,-16,
-14,-43,-56,-50,-46,-81,-14,-15,0,-81,-81,-78,-51,-79,-83,-89,-69,-104,-83,
-105,-102,-115,-85,-115,-105,-152,-151,-137,-124,-164,-67,-67,-74,-98,-67,-67,
-67,-67,-67,-67,-67,-67,-67,-67,-67,-67,-67,-67,-67,-67,-67,-67,-67,-67,0,-67,
0,-67,0,-67,0,-67,-67,-67,-67,-67,-67,-67,-74,-81,-39,-69,-52,-88,-68,-107,-93,
-109,-65,-276,-126,-126,-126,-126,-126,-126,-30,-48,0,-138,0,-8,-8,-8,0,0,0,
-21,-8,-8,-8,-8,-8,-8,-30,-70,-32,-78,-8,-40,-41,-153,-153,-153,-8,-153,0,-153,
-8,-153,-153,-153,-48,-48,-48,-153,-153,-153,-153,-153,-8,-8,-8,-8,-8,-8,-8,
-29984]} 1. c4 e5 2. e3 Nf6 3. Nc3 c6 4. d4 exd4 5. Qxd4 Na6 {[%cal Bb8a6,
Ba6c5,Bc5b3][%mdl 32]} 6. a3 {A22: English Opening: 1...e5 2 Nc3 Nf6.} Nc5 {
[#] Threatening ...Nb3.} 7. Rb1 $146 ({Predecessor:} 7. b4 Ne6 8. Qd3 b6 9. g3
Bb7 10. Bg2 Qc7 11. Bb2 g6 12. Ne4 Nxe4 13. Bxh8 {1-0 (46) Olsen,S (1560)
-Mordt,C (1356) Fredrikstad 2002}) 7... Nb3 8. Qd1 Qb6 9. Bd2 Nxd2 10. Qxd2 Be7
11. Bd3 O-O 12. Nge2 Re8 13. O-O d6 14. b4 Bd7 15. Nf4 Rad8 16. a4 {[%cal
Ba3a4,Ba4a5][%mdl 32]} Bc8 17. a5 Qc7 18. Qc2 g6 19. Qa2 d5 {[%mdl 64] Decoy}
20. cxd5 Qe5 21. Qc2 cxd5 {With the idea ...d4.} 22. g3 d4 23. exd4 Rxd4 24.
Rfe1 Qc7 25. Ne4 Qd8 26. Nxf6+ (26. Ng5 {feels hotter.} Bd6 27. Bxg6 hxg6 28.
Nxf7 Rxe1+ 29. Rxe1 Kxf7 30. Qxg6+ Kf8 31. Qh6+) 26... Bxf6 27. Bb5 Bd7 28.
Bxd7 Qxd7 29. Rxe8+ Qxe8 30. Rd1 Qc6 ({Avoid the trap} 30... Rxb4 $2 31. Nd5
$18) 31. Qb1 Qc4 32. Rxd4 Bxd4 33. Kg2 Qc6+ (33... Bc3 $17 34. Qd3 Qc6+ 35. f3
Bxb4) 34. Kg1 $11 Qc4 (34... Kf8 $11) 35. Kg2 $17 Bc3 36. Nd3 Kg7 37. f3 Qd4
38. g4 Qe3 39. Qc2 Bd4 40. Qd1 h5 41. gxh5 Qg5+ $1 42. Kh1 Qxh5 43. Qe2 Qg5 {
[%csl Gd4][%cal Rg5g1]} 44. Qe1 Kh7 45. Qc1 Qb5 (45... Qxc1+ $1 $19 46. Nxc1
Kg7) 46. Qd2 $15 Qc4 47. Qe2 Qb3 48. Kg2 Kg7 49. Qe4 Bc3 50. Kg3 Qb1 51. Kg2
Qc2+ 52. Kg3 Qd1 53. Kg2 Qd2+ 54. Kg3 Qg5+ 55. Kf2 Kf8 56. Qc4 Qd2+ 57. Kg3 Kg7
58. Qe4 $1 Qd1 59. Kg2 $1 Qc2+ 60. Kg3 Qb1 61. Kg2 $1 Qa2+ 62. Kg3 Qa1 63. Kg2
Bd4 64. Qe2 Qg1+ 65. Kh3 Be3 66. f4 Bd4 67. Qf3 Qb1 68. f5 g5 $1 69. Qe2 Kf6
70. Qe4 $2 ({White has to play} 70. Kg4 $15) 70... Qg1 (70... Qf1+ $1 $19 71.
Kg3 Qg1+ 72. Qg2 Qxg2+ 73. Kxg2 Kxf5) 71. b5 $17 a6 72. bxa6 bxa6 73. Nb4 Qf1+
(73... Kg7 $17 74. Nc6 Qf1+ 75. Kg4 Bf6) 74. Kg4 $11 Qg1+ (74... Qd1+ $15 75.
Kh3 Qf1+ {[%mdl 64] Double Attack} 76. Kg4 Qg1+ {[%mdl 64] Double Attack} 77.
Kh3 Qf2 78. Nd5+ Kg7 79. f6+ {[%mdl 64] Decoy} Bxf6 80. Nxf6 Kxf6 81. Qc6+ Kg7)
75. Kh3 $17 Qf1+ (75... Kg7 $17 76. Nc6 Qf1+ 77. Kg4 Bf6) 76. Kg4 $132 {
[%mdl 2048] White puts up resistance} Qd1+ 77. Qf3 $1 {[%cal Rf3d1]} Qg1+ (
77... Qd2 $5 78. Nd5+ $8 Ke5 $11) 78. Qg3 Qd1+ 79. Qf3 Qxf3+ {[%mdl 64]
Overworked Piece} (79... Qd2 $5 80. Nd5+ $8 Ke5 $11) 80. Kxf3 Kxf5 {White must
now prevent ...Bc3.} 81. Nxa6 {[%mdl 4096] Endgame KB-KN} Bc3 82. h3 Bxa5 {
Threatens to win with ...Bb6.} 83. Nc5 Bb4 84. Nd3 Bd6 ({Black should try} 
84... Bd2 $17 {aiming for ...Bc3.} 85. Nb2 Ke6) 85. Nf2 Kg6 86. Ne4 (86. h4 $1
$15) 86... Bc7 $17 87. Nc5 Bb6 (87... f5 $1 $17 88. Nd3 Kf6) 88. Nd3 (88. Nd7
$1 $11) 88... Bc7 89. Nc5 $1 {[#]} Kh5 ({Black should play} 89... f5 $1 $17 {
And now ...Kf6 would win.} 90. Nd3 Kf6) 90. Nd3 (90. Ke4 $1 $11 {was the only
way to keep the balance.}) 90... Kh4 91. Kg2 Bb6 (91... Bd6 $17 92. Nc1 Kh5)
92. Ne5 $15 f6 93. Nc4 {[#]} ({Only move:} 93. Ng4 $1 $15) 93... Bc5 $1 $17 94.
Nd2 Kh5 95. Kf3 {intending Ne4.} Kg6 (95... f5 $17 96. Nc4 Bd4) 96. Ne4 $11 {
The position is equal.} Ba7 {Hoping for ...Bb6.} 97. Nxf6 Kxf6 98. h4 $1 gxh4
99. Ke4 $2 {[%mdl 40960] Weighted Error Value: White=0.07/Black=0.13. An
unexpected result.} (99. Kg2 $11) 1/2-1/2

[Event "EICC 2021"]
[Site "Reykjavik"]
[Date "2021.08.31"]
[Round "6.40"]
[White "Mazur, Stefan"]
[Black "Jones, Gawain C B"]
[Result "1/2-1/2"]
[WhiteElo "2416"]
[BlackElo "2684"]
[Annotator "TA"]
[PlyCount "108"]
[EventDate "2021.08.26"]
[EventType "swiss"]
[EventCountry "ISL"]
[Tiebreak "Cut1 Buchholz"]
[SourceTitle "playchess.com"]
[Source "ChessBase"]
[SourceQuality "1"]

{[%evp 27,108,16,27,32,22,14,40,40,40,40,55,55,55,36,55,55,63,55,55,55,55,33,
33,33,54,33,56,42,42,28,23,20,27,26,25,26,29,32,31,26,41,45,44,45,42,45,44,45,
45,39,54,50,50,50,52,50,90,93,87,100,109,102,105,45,123,100,95,0,95,68,83,58,
53,9,10,16,20,0,0,0,0,-6,-6]} 1. e4 e5 2. Nf3 Nc6 3. Nc3 Nf6 4. d4 exd4 5. Nxd4
Bb4 6. Nxc6 bxc6 7. Bd3 d5 8. exd5 O-O 9. O-O cxd5 10. Bg5 c6 11. Qf3 h6 12.
Bxf6 Qxf6 13. Qxf6 gxf6 14. Ne2 Bd6 15. Nd4 {C47: Scotch Four Knights and Four
Knights with 4 g3.} c5 16. Nf5 Bxf5 17. Bxf5 {White is slightly better.} Rfe8
18. Rad1 Rad8 19. Rfe1 Be5 {[#]} 20. Kf1 $146 ({Predecessor:} 20. b3 Bc3 21.
Rxe8+ Rxe8 22. g3 d4 23. Rd3 Re1+ 24. Kg2 Ra1 25. Rf3 Rxa2 26. Bd3 Kg7 {
1/2-1/2 (26) Abdulov,O (2388)-Karayev,K (2236) Nakhchivan 2017}) 20... Kf8 21.
b3 Bc3 22. Rxe8+ Rxe8 $14 {[%mdl 4096] Endgame KRB-KRB} 23. Bd7 Re7 24. Bc6 d4
25. Bb5 Re5 26. Be2 Ke7 27. Rd3 c4 28. Rd1 d3 29. cxd3 cxb3 30. axb3 Rb5 31.
Rb1 Bd4 32. Bd1 Rf5 33. Bf3 Rc5 34. Re1+ Kd6 35. Re4 Rc1+ 36. Ke2 Bb6 37. Kd2
Rf1 38. d4 Rxf2+ 39. Kc3 Rf1 40. Rh4 Rc1+ 41. Kd3 Ba5 42. Rxh6 Rc3+ 43. Ke4
Rxb3 44. Rxf6+ Ke7 45. Rf5 (45. Ra6 $16 Bb6 46. Ra4) 45... Bd2 (45... Bb6 $1
$14) 46. Re5+ Kf6 47. Rf5+ ({White should play} 47. Rc5 $16) 47... Kg7 (47...
Ke7 $1 $11 {remains equal.}) 48. d5 {Strongly threatening d6.} Rb4+ 49. Kd3 Bf4
50. Kc3 Bd6 {The position is equal.} 51. Rg5+ Kf6 52. Rg4 Rxg4 53. Bxg4 Bxh2
54. Bf3 Bd6 {Weighted Error Value: White=0.11/Black=0.12} 1/2-1/2

[Event "EICC 2021"]
[Site "Reykjavik"]
[Date "2021.09.01"]
[Round "7.1"]
[White "Piorun, Kacper"]
[Black "Mamedov, Rauf"]
[Result "1/2-1/2"]
[WhiteElo "2608"]
[BlackElo "2654"]
[Annotator "TA"]
[PlyCount "32"]
[EventDate "2021.08.26"]
[EventType "swiss"]
[EventCountry "ISL"]
[Tiebreak "Cut1 Buchholz"]
[SourceTitle "playchess.com"]
[Source "ChessBase"]
[SourceQuality "1"]

{[%evp 15,17,22,41,-10]} 1. e4 c5 2. Nf3 d6 3. d4 cxd4 4. Nxd4 Nf6 5. Nc3 Nc6
6. f3 e5 7. Nb3 Be7 8. Be3 Be6 9. Qd2 {[#] An uneventful encounter. B56:
Classical Sicilian: Unusual Lines.} (9. Qe2 $14) {Predecessor:} 9... d5 $146
10. exd5 Nxd5 11. Nxd5 Qxd5 12. Qxd5 Bxd5 13. O-O-O O-O-O 14. Be2 h5 15. Kb1 g6
16. Rd2 Be6 {0-1 (47) Rorrer,G (2517)-Durarbayli,V (2780) Chess.com INT 2020}
1/2-1/2

[Event "EICC 2021"]
[Site "Reykjavik"]
[Date "2021.09.01"]
[Round "7.2"]
[White "Keymer, Vincent"]
[Black "Gabuzyan, Hovhannes"]
[Result "1/2-1/2"]
[WhiteElo "2602"]
[BlackElo "2587"]
[Annotator "TA"]
[PlyCount "39"]
[EventDate "2021.08.26"]
[EventType "swiss"]
[EventCountry "ISL"]
[Tiebreak "Cut1 Buchholz"]
[SourceTitle "playchess.com"]
[Source "ChessBase"]
[SourceQuality "1"]

{[%evp 24,29,22,18,21,16,25,0]} 1. d4 Nf6 2. c4 c5 3. d5 g6 4. Nc3 Bg7 5. e4 d6
6. Nf3 O-O 7. Be2 e6 8. O-O a6 9. a4 exd5 10. cxd5 Bg4 11. Nd2 Bxe2 12. Qxe2
Nbd7 13. a5 Qe7 {A75: Modern Benoni: Classical: 9...a6 10 a4 Bg4.} 14. Nc4 Ne5
15. Nb6 {[#] An uneventful encounter.  Weighted Error Value: White=0.02/
Black=0.00} {Predecessor:} Rae8 $146 16. Bg5 h6 17. Bh4 g5 18. Bg3 Nfd7 19. f4
gxf4 20. Rxf4 {1/2-1/2 (38) Harikrishna,P (2504)-Bu,X (2558) Lausanne 2001}
1/2-1/2

[Event "EICC 2021"]
[Site "Reykjavik"]
[Date "2021.09.01"]
[Round "7.3"]
[White "Demchenko, Anton"]
[Black "Donchenko, Alexander"]
[Result "1-0"]
[WhiteElo "2597"]
[BlackElo "2657"]
[Annotator "TA"]
[PlyCount "83"]
[EventDate "2021.08.26"]
[EventType "swiss"]
[EventCountry "ISL"]
[Tiebreak "Cut1 Buchholz"]
[SourceTitle "playchess.com"]
[Source "ChessBase"]
[SourceQuality "1"]

{[%evp 11,83,4,20,8,5,2,13,0,19,8,12,12,10,0,7,0,29,34,35,31,55,45,49,56,58,56,
60,51,67,70,82,13,25,20,15,11,76,79,91,91,92,92,92,77,77,81,60,47,54,44,52,43,
59,58,58,67,192,171,1129,1148,1031,1073,1158,1093,29967,29964,29986,29987,
29988,29988,29988,29989,29989,29988]} 1. e4 c5 2. Nf3 d6 3. d4 cxd4 4. Nxd4 Nf6
5. Nc3 a6 6. a4 e6 7. a5 {B90: Sicilian Najdorf: Unusual White 6th moves, 6
Be3 Ng4 and 6 Be3 e5.} Be7 8. Bd3 $5 {[%mdl 4] Exploring less charted
territory.} O-O 9. O-O {The position is equal.} Bd7 10. Be3 Nc6 {[#]} 11. Nxc6
$146 ({Predecessor:} 11. Nb3 Nb4 12. Bb6 Qe8 13. f4 Bc6 14. Qe2 e5 15. fxe5
dxe5 16. Bc4 Rc8 17. Bd3 {0-1 (56) Thavandiran,S (2417)-Ortiz Suarez,I (2549)
Greensboro 2018}) 11... Bxc6 12. Re1 Rc8 13. Na4 Qc7 ({Not} 13... Bxe4 $2 14.
Bb6 $18) ({Much worse is} 13... Qxa5 $6 14. Nb6 $16) 14. Nb6 Rcd8 15. Bd4 e5 {
[#]} 16. Nd5 $1 Nxd5 (16... Qd7 17. Bb6) 17. exd5 {And now Bb6 would win.} exd4
18. dxc6 bxc6 19. Bxa6 c5 20. b4 Bf6 21. Qd3 (21. b5 $16) 21... cxb4 $11 22.
Bb5 Ra8 23. a6 Rfc8 (23... Qc5 $11 {keeps the balance.}) 24. Qf5 $16 {[%mdl
1024] White has strong compensation.} Be5 25. Bd3 g6 26. Qf3 Ra7 27. Reb1 Rb8
28. g3 Qc5 29. Rb3 d5 30. Kg2 Kg7 31. Re1 Bd6 32. h4 h5 $1 33. g4 hxg4 {
This costs Black the game.} (33... Rh8 $1 $14) 34. Qxg4 $18 Rh8 $2 {[#]} (34...
Kg8 35. h5 Qc8) 35. Bxg6 $1 {[%mdl 576] Deflection} fxg6 36. Re6 Rh6 {[#]} 37.
Rxd6 $1 {[%mdl 512]} Rf7 (37... Qxd6 38. Qxd4+) 38. Rd7 {White mates.} Qc6 39.
Qxd4+ {[%mdl 64] Double Attack} Kg8 40. Rd8+ Rf8 41. Rxf8+ Kxf8 42. Qxb4+ {
Weighted Error Value: White=0.07/Black=0.31} 1-0

[Event "EICC 2021"]
[Site "Reykjavik"]
[Date "2021.09.01"]
[Round "7.4"]
[White "Navara, David"]
[Black "Bjerre, Jonas Buhl"]
[Result "1-0"]
[WhiteElo "2675"]
[BlackElo "2550"]
[Annotator "TA"]
[PlyCount "81"]
[EventDate "2021.08.26"]
[EventType "swiss"]
[EventCountry "ISL"]
[Tiebreak "Cut1 Buchholz"]
[SourceTitle "playchess.com"]
[Source "ChessBase"]
[SourceQuality "1"]

{[%evp 17,81,-8,0,-4,14,-6,0,0,0,0,0,-22,0,-32,-24,-4,38,35,31,29,25,28,25,46,
36,37,81,64,117,108,108,107,115,-21,-21,-7,-20,-23,-27,-19,-21,-32,0,0,0,0,85,
101,74,72,346,339,606,559,597,611,658,583,962,964,1590,1504,3029,2675,3040,
2600]} 1. c4 c5 2. Nf3 Nc6 3. Nc3 Nf6 4. d4 cxd4 5. Nxd4 e6 6. g3 Qb6 7. Nb3
Ne5 8. e4 Bb4 9. Qe2 d6 $1 10. Bd2 {A33: Symmetrical English: 2 Nf3 Nf6 3 d4
cxd4 4 Nxd4 e6 5 Nc3 Nc6.} a5 11. O-O-O $5 {[%mdl 4] A promising side line.} a4
12. Na1 {[#] The position is equal.} Bc5 $146 ({Predecessor:} 12... O-O 13. Nc2
Bc5 14. f4 Nc6 15. Be3 Rd8 16. Bxc5 Qxc5 17. Qe3 e5 18. f5 Qxe3+ 19. Nxe3 {
1/2-1/2 (39) Gelfand,B (2676)-Svidler,P (2723) chess24.com INT 2020}) 13. f3
Bd7 14. g4 O-O 15. g5 Ne8 16. Nc2 Nc7 (16... f5 {seems wilder.} 17. h4 Nc7 18.
h5 Bc6 19. g6 h6) 17. f4 Nc6 18. Be3 $1 a3 19. b3 Nb4 20. Bxc5 Qxc5 21. Qd2 Ra6
22. Qd4 {Black must now prevent Qxc5.} Rd8 (22... Qa5 $14) 23. e5 $16 {[%cal
Re5d6]} Qxd4 24. Rxd4 dxe5 {[#]} 25. Rxd7 {[%mdl 512] [#]} Nxa2+ $11 26. Nxa2
Rxd7 27. c5 Rc6 28. b4 exf4 29. Nc3 a2 30. Kb2 Rd2 {Hoping for ...Rxc2+!} 31.
Bc4 $1 Nd5 (31... Ne8 $11 {remains equal.}) 32. Nxd5 $16 exd5 33. Bxa2 Re6 $2 {
[%mdl 8192] [#] Black cannot hold the game after this.} (33... d4 $16 34. Kc1
Rf2) 34. Kc3 $1 $18 {[%cal Rc3d2]} Rf2 (34... Ree2 35. Bb3 h6) 35. Bxd5 {
[%mdl 64] Double Attack. White is clearly winning.} Re7 36. Ra1 {White wants
to mate with Ra8+.} g6 37. Ra7 f3 38. Rxb7 Rxb7 39. Bxb7 Rf1 40. c6 Re1 41. c7
{Weighted Error Value: White=0.11/Black=0.57} 1-0

[Event "EICC 2021"]
[Site "Reykjavik"]
[Date "2021.09.01"]
[Round "7.5"]
[White "Nisipeanu, Liviu-Dieter"]
[Black "Nagy, Gabor"]
[Result "1/2-1/2"]
[WhiteElo "2671"]
[BlackElo "2518"]
[Annotator "TA"]
[PlyCount "47"]
[EventDate "2021.08.26"]
[EventType "swiss"]
[EventCountry "ISL"]
[Tiebreak "Cut1 Buchholz"]
[SourceTitle "playchess.com"]
[Source "ChessBase"]
[SourceQuality "1"]

{[%evp 9,47,0,58,54,54,36,61,76,70,76,57,72,63,68,75,42,36,4,29,21,66,40,97,96,
89,87,62,57,108,109,133,137,143,135,116,38,37,51,60,37]} 1. d4 Nf6 2. Nc3 d5 3.
Bf4 a6 4. e3 c5 5. dxc5 Nc6 (5... Qa5 $11) 6. a3 $14 {D00: 1 d4 d5: Unusual
lines.} e5 7. Bg5 Be6 8. b4 Be7 9. Nf3 O-O 10. Be2 Qc7 {[#]} 11. Na4 $146 {
[%cal Bc3a4,Ba4b6,Bb6d5][%mdl 32]} ({Predecessor:} 11. O-O Rad8 12. Na4 h6 13.
Bxf6 Bxf6 14. Nb6 Rfe8 15. Rb1 g6 16. Re1 e4 17. Nd4 Nxd4 18. exd4 {0-1 (39)
Ivanisevic,I (2608)-Kholin,A (2405) chess.com INT 2020}) 11... Rad8 12. Bxf6
Bxf6 13. O-O g6 14. Nb6 h6 15. Rb1 Bg7 ({Black should try} 15... e4 $14) 16.
Nd2 $16 e4 {[#]} 17. c4 $1 d4 {aiming for ...dxe3.} 18. Nd5 Qe5 ({Black should
play} 18... Bxd5 $14 19. cxd5 Rxd5 20. Nxe4 Re5) 19. f4 Qb8 20. Nxe4 dxe3 21.
Nd6 Nd4 22. f5 (22. Nxe3 $16 {Threatens to win with Kh1.} b6 23. Kh1) 22...
Nxf5 $14 {[#]} 23. Rxf5 gxf5 24. Qd3 {Weighted Error Value: White=0.13/Black=0.
20} 1/2-1/2

[Event "EICC 2021"]
[Site "Reykjavik"]
[Date "2021.09.01"]
[Round "7.6"]
[White "Mamedov, Nidjat"]
[Black "Lagarde, Maxime"]
[Result "1-0"]
[WhiteElo "2595"]
[BlackElo "2631"]
[Annotator "TA"]
[PlyCount "47"]
[EventDate "2021.08.26"]
[EventType "swiss"]
[EventCountry "ISL"]
[Tiebreak "Cut1 Buchholz"]
[SourceTitle "playchess.com"]
[Source "ChessBase"]
[SourceQuality "1"]

{[%evp 9,47,19,13,19,20,20,10,0,0,10,81,66,58,75,44,62,63,0,0,0,0,0,0,0,0,-81,
-59,-131,-81,-91,537,545,526,495,5178,5427,2763,2683,29998,29999]} 1. e4 c5 2.
Nf3 e6 3. Nc3 Nc6 4. Bb5 Na5 5. a4 a6 6. Be2 {B30: Sicilian: 2...Nc6 3 Bb5,
lines without ...g6.} d5 7. exd5 exd5 {[#]} 8. d4 $146 {The position is equal.}
({Predecessor:} 8. O-O Nc6 9. Re1 Be6 10. d3 h6 11. d4 Nf6 12. Be3 Ng4 13. Bf4
Bd6 14. Bxd6 Qxd6 15. dxc5 Qxc5 {0-1 (44) Menendez Villar,S-Garcia Fernandez,J
San Miguel 1999}) 8... c4 9. Ne5 f6 (9... Bb4 $11) 10. Bh5+ $1 $16 g6 11. Nxg6
hxg6 12. Bxg6+ Kd7 13. Nxd5 ({Better is} 13. Qf3 $1 $14 Kc7 14. Qxd5 (14. Nxd5+
Kb8 $14) 14... Qxd5 15. Nxd5+ Kb8 16. Bf4+ Ka7 17. Bc7) 13... Ne7 $1 $11 {
[%cal Re7d5]} 14. Nxf6+ Ke6 15. Qg4+ Kxf6 16. Qg5+ $40 {[%mdl 128] White is up
to no good.} Ke6 {Threatens to win with ...Qd5.} 17. Qe5+ (17. Bf4 $11 Nxg6 18.
Qxg6+ (18. Qxd8 $2 {is the wrong capture.} Bb4+ {[%mdl 64] Discovered Attack}
19. c3 Rxd8 $19) 18... Kd5 19. O-O) 17... Kd7 $15 18. Bf7 (18. Be4 $15 Rg8 19.
Qh5) 18... Rh4 {Strongly threatening ...Nec6.} 19. d5 {[#]} Qb6 $4 {[%mdl 8192]
[#] Loses the game.} (19... Nac6 $1 $17 {[%cal Rc6e5] keeps the pressure on.}
20. Qf6 (20. dxc6+ Nxc6 21. Be6+ Ke8 $17) 20... Nxd5 $1 21. Qxd8+ Nxd8 22. Bxd5
Kc7) 20. Be3 $1 $18 {[%cal Re3b6]} Qb4+ 21. c3 Qb3 (21... Qd6 $142 22. Be6+ Kc7
23. Bb6+ {[%mdl 64] Deflection} Kxb6 24. Qxd6+ Ka7) 22. Qe6+ Kc7 23. d6+ {
[%mdl 64] Double Attack} Kc6 24. Be8+ {Weighted Error Value: White=0.18/
Black=0.70} 1-0

[Event "EICC 2021"]
[Site "Reykjavik"]
[Date "2021.09.01"]
[Round "7.7"]
[White "Romanov, Evgeny"]
[Black "Vocaturo, Daniele"]
[Result "1-0"]
[WhiteElo "2594"]
[BlackElo "2630"]
[Annotator "TA"]
[PlyCount "51"]
[EventDate "2021.08.26"]
[EventType "swiss"]
[EventCountry "ISL"]
[Tiebreak "Cut1 Buchholz"]
[SourceTitle "playchess.com"]
[Source "ChessBase"]
[SourceQuality "1"]

{[%evp 9,51,14,9,0,29,37,31,37,31,29,66,54,70,48,64,54,78,89,108,110,104,100,
110,110,92,110,377,374,408,346,391,384,417,422,423,417,407,413,405,287,717,707,
914,898]} 1. e4 c5 2. Nf3 d6 3. Bb5+ Nd7 4. d4 cxd4 5. Nxd4 Ngf6 6. O-O {
B51: Sicilian: Moscow Variation (3 Bb5+) without 3...Bd7.} g6 7. Re1 Bg7 8. Bf1
{White is slightly better.} O-O 9. c4 b6 10. Nc3 Bb7 11. Bg5 a6 12. Qd2 {[#]}
e6 $146 ({Predecessor:} 12... Rc8 13. Rac1 Re8 14. f3 e6 15. Kh1 Qc7 16. Red1
Qb8 17. Nb3 Rc6 18. Nd4 Rcc8 19. Nb3 Rc6 20. Nd4 Rcc8 {1/2-1/2 (20) Al
Modiahki,M (2556)-Gelfand,B (2720) Sochi 2008}) 13. Nb3 Nc5 14. Nxc5 bxc5 15.
Rad1 Qb6 16. Qxd6 Qxb2 17. Na4 {[%mdl 64] [#] Double Attack} Qxa2 {[%mdl 8192]}
(17... Qb4 $16 {might work better.} 18. Nxc5 Rfc8) 18. Nxc5 $18 Bc8 19. Qc6 Rb8
20. h3 Qa5 21. e5 Ne8 22. Be7 Qb6 23. Qxb6 Rxb6 24. Nd7 Rc6 (24... Bxd7 25.
Rxd7 Rc6) 25. Nxf8 Bxf8 {[#]} 26. Rd8 $1 {White took control after the opening.
Weighted Error Value: White=0.11/Black=0.38} 1-0